000 00683nam#a22002535a#4500
001 2240
008 140326s2011####ag############000#0#und#d
245 1 0 _aLa Luna del Bandido /
_cSid Fleischman ; ilustrado por David Lara ; traducido por Josefina Anaya.
250 _a1ยช ed.
260 _aBuenos Aires :
_bMacmillan,
_c2011.
300 _a152 p. ;
_c20 cm.
490 0 _aSerie Roja
020 _a9789876720434
100 1 _aFleischman, Sid.
700 1 _aLara, David,
_eilust.
700 1 _aAnaya, Josefina,
_etrad.
080 _a82-32
084 _aF62
653 _aLiteratura
040 _aAR-ClEAG
_cAR-ClEAG
005 20241107184738.0
003 AR-ClEAG
942 _cBK
999 _c2240
_d2240
980 _62
_aEvangelina Gallicchio
_82
_gEvangelina Gallicchio